[Event "Szuperliga - GM Szabo Laszlo csoport"]
[Site "Gyongyossolymos"]
[Date "2024.12.14"]
[Round "3.6"]
[White "Istvanovszki, Martin"]
[Black "Juhasz, Armin"]
[Result "1/2-1/2"]
[WhiteElo "2309"]
[BlackElo "2377"]
[PlyCount "61"]
[GameId "2124766050029859"]
[EventDate "2024.11.02"]
[EventType "team-tourn"]
[EventRounds "9"]
[EventCountry "HUN"]
[Source "chess.hu"]
[WhiteTeam "Kekesi SE"]
[BlackTeam "MTK Budapest"]
[WhiteTeamCountry "HUN"]
[BlackTeamCountry "HUN"]

1. d4 d5 2. Nc3 Nf6 3. Bf4 c5 4. e3 cxd4 5. exd4 a6 6. Nf3 Nc6 7. Ne5 Bd7 8. g4 h6 9. Bg2 e6 10. a3 Qb6 11. Nxd7 Nxd7 12. O-O Qxd4 13. Qxd4 Nxd4 14. Rad1 Bc5 15. Rd2 O-O 16. Rfd1 Nc6 17. Nxd5 exd5 18. Rxd5 Bxf2+ 19. Kxf2 Nf6 20. Rd6 Na5 21. h3 Rac8 22. c3 Rfe8 23. R6d4 b5 24. Bf3 Nb3 25. Rd6 Ne4+ 26. Bxe4 Rxe4 27. Kf3 Ra4 28. Rd8+ Rxd8 29. Rxd8+ Kh7 30. Be3 Na5 31. Rd7 1/2-1/2

[Event "Szuperliga - GM Szabo Laszlo csoport"]
[Site "Gyongyossolymos"]
[Date "2024.12.14"]
[Round "3.7"]
[White "Jakab, Bela"]
[Black "Blasko, Istvan"]
[Result "1/2-1/2"]
[WhiteElo "2357"]
[BlackElo "2241"]
[PlyCount "83"]
[GameId "2124766088532275"]
[EventDate "2024.11.02"]
[EventType "team-tourn"]
[EventRounds "9"]
[EventCountry "HUN"]
[Source "chess.hu"]
[WhiteTeam "MTK Budapest"]
[BlackTeam "Kekesi SE"]
[WhiteTeamCountry "HUN"]
[BlackTeamCountry "HUN"]

1. e4 c5 2. Nf3 d6 3. Bb5+ Bd7 4. Bxd7+ Qxd7 5. O-O Nc6 6. c3 g6 7. d4 cxd4 8. cxd4 Bg7 9. Nc3 Nf6 10. d5 Ne5 11. Nxe5 dxe5 12. f4 exf4 13. Bxf4 O-O 14. Qe2 b5 15. Nxb5 Nh5 16. Nc3 Nxf4 17. Rxf4 Be5 18. Rf3 Rab8 19. Raf1 f6 20. Nd1 Rfc8 21. Rd3 Rc1 22. Rd2 Qc7 23. g3 Qc4 24. Qxc4 Rxc4 25. Re2 a5 26. Kf2 a4 27. Kf3 Rc1 28. Ne3 Rxf1+ 29. Nxf1 Bxb2 30. Ke3 Be5 31. Nd2 Bd6 32. Kd3 Bc5 33. Nc4 Rb1 34. Nb2 a3 35. Na4 Bd6 36. Nc3 Rb4 37. Rc2 Kf7 38. Nd1 Be5 39. Rc4 Rb1 40. Ne3 Ra1 41. Rc2 Bb2 42. Kc4 1/2-1/2

[Event "Szuperliga - GM Szabo Laszlo csoport"]
[Site "Gyongyossolymos"]
[Date "2024.12.14"]
[Round "3.8"]
[White "Ivan-Gal, Hanna Krisztina"]
[Black "Ongut, Tamas Gunes"]
[Result "1/2-1/2"]
[WhiteElo "2176"]
[BlackElo "2256"]
[PlyCount "138"]
[GameId "2124766133629251"]
[EventDate "2024.11.02"]
[EventType "team-tourn"]
[EventRounds "9"]
[EventCountry "HUN"]
[Source "chess.hu"]
[WhiteTeam "Kekesi SE"]
[BlackTeam "MTK Budapest"]
[WhiteTeamCountry "HUN"]
[BlackTeamCountry "HUN"]

1. e4 c5 2. Nf3 Nc6 3. Bb5 e6 4. Bxc6 bxc6 5. O-O Ne7 6. d3 Ng6 7. Nbd2 d5 8. Re1 Be7 9. Nb3 Ba6 10. Be3 d4 11. Bd2 e5 12. Qc1 O-O 13. Na5 Qd7 14. Nc4 f6 15. b3 Bc8 16. c3 dxc3 17. Qxc3 Rd8 18. Be3 Qxd3 19. Qxd3 Rxd3 20. Nb2 Rd8 21. Rac1 Bg4 22. Nd2 Nf4 23. f3 Be6 24. Bxf4 exf4 25. Ndc4 Rd4 26. Re2 Bd8 27. Rec2 Bc7 28. Kf2 Rad8 29. g4 h5 30. h3 Kf7 31. Kg2 g6 32. Re2 hxg4 33. hxg4 Rh8 34. Rh1 Rxh1 35. Kxh1 f5 36. gxf5 gxf5 37. exf5 Bxf5 38. Na4 Bd3 39. Rh2 Bxc4 40. Rh7+ Kg6 41. Rxc7 Bd5 42. Nxc5 Bxf3+ 43. Kg1 Bd5 44. Rxa7 Rd2 45. Ra4 Kf5 46. Kf1 Bg2+ 47. Ke1 Rd6 48. Ra7 Kg4 49. Rd7 Rxd7 50. Nxd7 Kg3 51. Nc5 Bh3 52. Ne4+ Kg2 53. b4 Bf5 54. Nf2 Bc2 55. Ke2 Ba4 56. Ne4 Bb5+ 57. Ke1 f3 58. Nf2 Ba4 59. Ne4 Bc2 60. Nf2 Kg3 61. Nh1+ Kh2 62. Nf2 Kg2 63. a3 Kg3 64. Nh1+ Kh2 65. Nf2 Kg2 66. Ng4 Kg3 67. Nf2 Ba4 68. Ne4+ Kf4 69. Nc3 Kg3 1/2-1/2

[Event "Szuperliga - GM Szabo Laszlo csoport"]
[Site "Gyongyossolymos"]
[Date "2024.12.14"]
[Round "3.9"]
[White "Terbe, Zsuzsanna"]
[Black "Radnai, Adam"]
[Result "1-0"]
[WhiteElo "2149"]
[BlackElo "2248"]
[PlyCount "53"]
[GameId "2124766207517023"]
[EventDate "2024.11.02"]
[EventType "team-tourn"]
[EventRounds "9"]
[EventCountry "HUN"]
[Source "chess.hu"]
[WhiteTeam "MTK Budapest"]
[BlackTeam "Kekesi SE"]
[WhiteTeamCountry "HUN"]
[BlackTeamCountry "HUN"]

1. d4 Nf6 2. c4 b6 3. Nc3 Bb7 4. d5 e6 5. a3 Bd6 6. Nf3 Qe7 7. g3 c6 8. Bg2 cxd5 9. Nd4 Nc6 10. Ndb5 a6 11. Nxd6+ Qxd6 12. cxd5 Ne7 13. O-O e5 14. e4 O-O 15. Be3 a5 16. f4 Ng6 17. Nb5 Qb8 18. fxe5 Nxe5 19. Rxf6 gxf6 20. Qf1 Qd8 21. Nd6 Ba6 22. Qf4 Ng6 23. Qh6 Kh8 24. Bd4 Ne5 25. Kh1 Rb8 26. Bh3 Be2 27. Bxe5 1-0

[Event "Szuperliga - GM Szabo Laszlo csoport"]
[Site "Gyongyossolymos"]
[Date "2024.12.14"]
[Round "3.10"]
[White "Onodi, Tamas"]
[Black "Gergely, Daniel"]
[Result "0-1"]
[WhiteElo "2041"]
[BlackElo "2154"]
[PlyCount "94"]
[GameId "2124766260851055"]
[EventDate "2024.11.02"]
[EventType "team-tourn"]
[EventRounds "9"]
[EventCountry "HUN"]
[Source "chess.hu"]
[WhiteTeam "Kekesi SE"]
[BlackTeam "MTK Budapest"]
[WhiteTeamCountry "HUN"]
[BlackTeamCountry "HUN"]

1. e4 e6 2. d4 d5 3. Nd2 c5 4. exd5 exd5 5. Ngf3 Nc6 6. c3 cxd4 7. Nxd4 Nxd4 8. cxd4 Nf6 9. Bb5+ Bd7 10. Bxd7+ Qxd7 11. O-O Be7 12. Nf3 O-O 13. Qb3 Bd6 14. Ne5 Qf5 15. f4 Rac8 16. Be3 Rc7 17. Rac1 Rfc8 18. Qd3 Qe4 19. Rxc7 Rxc7 20. Rc1 Rxc1+ 21. Bxc1 Qe1+ 22. Qf1 Qb4 23. Nf3 Ne4 24. Qd3 Qa4 25. a3 Qc6 26. Be3 b5 27. Ne5 Bxe5 28. dxe5 a5 29. b4 a4 30. Kf1 Kf8 31. Ke2 Ke7 32. Kd1 Qc4 33. Ke2 Ke6 34. Bd4 f6 35. g4 fxe5 36. Bxe5 Qa2+ 37. Ke1 Qf2+ 38. Kd1 Qxh2 39. Qd4 Qh1+ 40. Ke2 Qg2+ 41. Ke1 Qg3+ 42. Kf1 Qxg4 43. Qb6+ Kf5 44. Qe3 Qd1+ 45. Kg2 Qd2+ 46. Qxd2 Nxd2 47. Bxg7 Nc4 0-1

[Event "Szuperliga - GM Szabo Laszlo csoport"]
[Site "Budapest"]
[Date "2024.12.14"]
[Round "3.1"]
[White "Hera, Imre Jr."]
[Black "Nagy, Gabor"]
[Result "1/2-1/2"]
[WhiteElo "2526"]
[BlackElo "2462"]
[PlyCount "82"]
[GameId "2123349214147286"]
[EventDate "2024.11.02"]
[EventType "team-tourn"]
[EventRounds "9"]
[EventCountry "HUN"]
[Source "chess.hu"]
[WhiteTeam "Haladas VSE"]
[BlackTeam "Aquarena Kobanya SC"]
[WhiteTeamCountry "HUN"]
[BlackTeamCountry "HUN"]

1. d4 Nf6 2. c4 e6 3. Nf3 b6 4. g3 Ba6 5. Qc2 c5 6. d5 exd5 7. cxd5 Bb7 8. Bg2 Nxd5 9. O-O Be7 10. Rd1 Nc6 11. Qf5 Nf6 12. e4 g6 13. Qf4 O-O 14. e5 Nh5 15. Qg4 Qb8 16. Nc3 Nxe5 17. Nxe5 Bxg2 18. Nxd7 Qb7 19. Nxf8 Nf6 20. Qh4 Bh1 21. f3 Qxf3 22. Rd2 c4 23. Nd7 Re8 24. Rf2 Bc5 25. Be3 Bxe3 26. Nxf6+ Kf8 27. Nd7+ Kg8 28. Nf6+ Kf8 29. Qh6+ Bxh6 30. Rxf3 Bxf3 31. Nxe8 Kxe8 32. Nb5 Be3+ 33. Kf1 Kf8 34. Nxa7 Bd4 35. Rc1 Be4 36. Ke1 Bd3 37. b3 Bb2 38. Rd1 Bc3+ 39. Kf2 Bd4+ 40. Ke1 Bc3+ 41. Kf2 Bd4+ 1/2-1/2

[Event "Szuperliga - GM Szabo Laszlo csoport"]
[Site "Budapest"]
[Date "2024.12.14"]
[Round "3.2"]
[White "Berczes, David"]
[Black "Ruck, Robert"]
[Result "1/2-1/2"]
[WhiteElo "2407"]
[BlackElo "2516"]
[PlyCount "35"]
[GameId "2123349263467238"]
[EventDate "2024.11.02"]
[EventType "team-tourn"]
[EventRounds "9"]
[EventCountry "HUN"]
[Source "chess.hu"]
[WhiteTeam "Aquarena Kobanya SC"]
[BlackTeam "Haladas VSE"]
[WhiteTeamCountry "HUN"]
[BlackTeamCountry "HUN"]

1. d4 Nf6 2. Nf3 g6 3. c4 Bg7 4. g3 c6 5. Bg2 d5 6. O-O O-O 7. a4 Bf5 8. cxd5 cxd5 9. Qb3 Qb6 10. Qxb6 axb6 11. Nc3 Nc6 12. Bf4 Rfc8 13. h3 h5 14. Rac1 Na5 15. Nd2 Nc6 16. Nf3 Na5 17. Nd2 Nc6 18. Nf3 1/2-1/2

[Event "Szuperliga - GM Szabo Laszlo csoport"]
[Site "Budapest"]
[Date "2024.12.14"]
[Round "3.3"]
[White "Nemeth, Miklos"]
[Black "Horvath, Adam"]
[Result "1/2-1/2"]
[WhiteElo "2425"]
[BlackElo "2387"]
[PlyCount "39"]
[GameId "2123349301113590"]
[EventDate "2024.11.02"]
[EventType "team-tourn"]
[EventRounds "9"]
[EventCountry "HUN"]
[Source "chess.hu"]
[WhiteTeam "Haladas VSE"]
[BlackTeam "Aquarena Kobanya SC"]
[WhiteTeamCountry "HUN"]
[BlackTeamCountry "HUN"]

1. e4 c5 2. Nf3 Nc6 3. d4 cxd4 4. Nxd4 e6 5. Nc3 Qc7 6. Be2 a6 7. O-O Nf6 8. Be3 Be7 9. f4 d6 10. Qe1 O-O 11. Qg3 Nxd4 12. Bxd4 b5 13. Bd3 Bb7 14. Rae1 Rae8 15. Kh1 Nh5 16. Qg4 Nf6 17. Qg3 Nh5 18. Qg4 Nf6 19. Qg3 Nh5 20. Qg4 1/2-1/2

[Event "Szuperliga - GM Szabo Laszlo csoport"]
[Site "Budapest"]
[Date "2024.12.14"]
[Round "3.4"]
[White "Szabo, Bence"]
[Black "Kovacs, Gabor"]
[Result "1/2-1/2"]
[WhiteElo "2338"]
[BlackElo "2392"]
[PlyCount "67"]
[GameId "2123349336216326"]
[EventDate "2024.11.02"]
[EventType "team-tourn"]
[EventRounds "9"]
[EventCountry "HUN"]
[Source "chess.hu"]
[WhiteTeam "Aquarena Kobanya SC"]
[BlackTeam "Haladas VSE"]
[WhiteTeamCountry "HUN"]
[BlackTeamCountry "HUN"]

1. Nf3 d5 2. g3 e6 3. Bg2 Nf6 4. O-O Be7 5. d3 O-O 6. Bf4 Nh5 7. Bd2 Nf6 8. Re1 c5 9. e4 Nc6 10. a4 b6 11. e5 Nd7 12. h4 Qc7 13. Bf4 Ba6 14. Nc3 Rad8 15. h5 Bb7 16. Qd2 a6 17. h6 g6 18. Nxd5 exd5 19. e6 Bd6 20. Bxd6 Qxd6 21. exd7 Rxd7 22. Qg5 Rdd8 23. Re2 Bc8 24. Rae1 f6 25. Qh4 Rf7 26. Bh3 Re7 27. Bxc8 Rxe2 28. Rxe2 Rxc8 29. Qg4 Rd8 30. Qe6+ Kf8 31. Kg2 b5 32. axb5 axb5 33. Qg4 Kf7 34. c3 1/2-1/2

[Event "Szuperliga - GM Szabo Laszlo csoport"]
[Site "Budapest"]
[Date "2024.12.14"]
[Round "3.5"]
[White "Ruck, Tamas"]
[Black "Krizsany, Laszlo"]
[Result "1/2-1/2"]
[WhiteElo "2240"]
[BlackElo "2316"]
[PlyCount "27"]
[GameId "2123349374771990"]
[EventDate "2024.11.02"]
[EventType "team-tourn"]
[EventRounds "9"]
[EventCountry "HUN"]
[Source "chess.hu"]
[WhiteTeam "Haladas VSE"]
[BlackTeam "Aquarena Kobanya SC"]
[WhiteTeamCountry "HUN"]
[BlackTeamCountry "HUN"]

1. e4 e5 2. Nf3 Nc6 3. Bb5 a6 4. Ba4 Nf6 5. O-O b5 6. Bb3 Be7 7. Re1 d6 8. c3 O-O 9. h3 Re8 10. Ng5 Rf8 11. Nf3 Re8 12. Ng5 Rf8 13. Nf3 Re8 14. Ng5 1/2-1/2

[Event "Szuperliga - GM Szabo Laszlo csoport"]
[Site "Budapest"]
[Date "2024.12.14"]
[Round "3.6"]
[White "Bodi, Tibor"]
[Black "Meszaros, Tamas"]
[Result "1/2-1/2"]
[WhiteElo "2310"]
[BlackElo "2379"]
[PlyCount "112"]
[GameId "2123349411570470"]
[EventDate "2024.11.02"]
[EventType "team-tourn"]
[EventRounds "9"]
[EventCountry "HUN"]
[Source "chess.hu"]
[WhiteTeam "Aquarena Kobanya SC"]
[BlackTeam "Haladas VSE"]
[WhiteTeamCountry "HUN"]
[BlackTeamCountry "HUN"]

1. Nf3 d5 2. b3 Nf6 3. Bb2 e6 4. e3 Be7 5. c4 O-O 6. Nc3 dxc4 7. Bxc4 a6 8. O-O b5 9. Be2 Bb7 10. Rc1 c5 11. a4 b4 12. Nb1 Nbd7 13. d3 Nd5 14. Qd2 Bf6 15. d4 cxd4 16. Bxd4 e5 17. Bb2 e4 18. Nd4 Ne5 19. Qc2 Nb6 20. Qc7 Bd5 21. Rfd1 Qxc7 22. Rxc7 a5 23. Nd2 Rfc8 24. Rdc1 Rxc7 25. Rxc7 Rc8 26. Rxc8+ Nxc8 27. f4 Nd7 28. Bd1 Nc5 29. Bc2 h5 30. Kf2 Nd6 31. g3 Kf8 32. h3 Nd3+ 33. Bxd3 exd3 34. g4 hxg4 35. hxg4 Bh4+ 36. Kf1 Ne4 37. N4f3 Bf6 38. Bxf6 Nxf6 39. Ne5 Ke7 40. g5 Ne4 41. Nxe4 Bxe4 42. Nc4 Ke6 43. Ke1 Bd5 44. Kd2 Bxc4 45. bxc4 g6 46. e4 Kd6 47. Kxd3 Ke6 48. Kd4 Kd6 49. c5+ Ke6 50. Kc4 Ke7 51. f5 Kd7 52. fxg6 fxg6 53. e5 Ke6 54. c6 Ke7 55. Kd4 Ke6 56. Ke4 Ke7 1/2-1/2

[Event "Szuperliga - GM Szabo Laszlo csoport"]
[Site "Budapest"]
[Date "2024.12.14"]
[Round "3.7"]
[White "Gombocz, Ferenc Jr."]
[Black "Polyik, Peter"]
[Result "1/2-1/2"]
[WhiteElo "2323"]
[BlackElo "2346"]
[PlyCount "103"]
[GameId "2123349452288822"]
[EventDate "2024.11.02"]
[EventType "team-tourn"]
[EventRounds "9"]
[EventCountry "HUN"]
[Source "chess.hu"]
[WhiteTeam "Haladas VSE"]
[BlackTeam "Aquarena Kobanya SC"]
[WhiteTeamCountry "HUN"]
[BlackTeamCountry "HUN"]

1. d4 d5 2. Nf3 Nf6 3. c4 e6 4. g3 dxc4 5. Bg2 a6 6. O-O Nc6 7. Bg5 Be7 8. Nbd2 Nxd4 9. Nxd4 Qxd4 10. Be3 Qxb2 11. Nxc4 Qb5 12. Qc1 O-O 13. a4 Qh5 14. h3 Nd5 15. g4 Qh4 16. Bd2 f5 17. gxf5 Rxf5 18. f4 g5 19. Ne3 Nxe3 20. Bxe3 gxf4 21. Rxf4 Rxf4 22. Bxf4 Bd6 23. Bxd6 cxd6 24. Ra3 Bd7 25. Qc7 Qd4+ 26. Kh1 Bc6 27. Bxc6 bxc6 28. Rg3+ Kh8 29. Qxc6 Rf8 30. Rg1 a5 31. Qg2 d5 32. e3 Qf6 33. Kh2 Rb8 34. Kh1 Rf8 35. Kh2 Qf2 36. Qxf2 Rxf2+ 37. Kg3 Ra2 38. Kf4 Rxa4+ 39. Ke5 Re4+ 40. Kf6 Rxe3 41. Ra1 Rf3+ 42. Kxe6 Kg7 43. Rxa5 d4 44. Ke5 Rxh3 45. Kxd4 Kg6 46. Ke4 Rg3 47. Kf4 Rg1 48. Kf3 h5 49. Ra2 h4 50. Rg2+ Rxg2 51. Kxg2 h3+ 52. Kxh3 1/2-1/2

[Event "Szuperliga - GM Szabo Laszlo csoport"]
[Site "Budapest"]
[Date "2024.12.14"]
[Round "3.8"]
[White "Korpics, Zsolt"]
[Black "Csonka, Attila Istvan"]
[Result "1/2-1/2"]
[WhiteElo "2300"]
[BlackElo "2278"]
[PlyCount "23"]
[GameId "2123349490897744"]
[EventDate "2024.11.02"]
[EventType "team-tourn"]
[EventRounds "9"]
[EventCountry "HUN"]
[Source "chess.hu"]
[WhiteTeam "Aquarena Kobanya SC"]
[BlackTeam "Haladas VSE"]
[WhiteTeamCountry "HUN"]
[BlackTeamCountry "HUN"]

1. d4 Nf6 2. c4 e6 3. g3 d5 4. Bg2 Be7 5. Nf3 O-O 6. O-O c6 7. Qc2 Nbd7 8. Bf4 Nh5 9. Bc1 Nhf6 10. Bf4 Nh5 11. Bc1 Nhf6 12. Bf4 1/2-1/2

[Event "Szuperliga - GM Szabo Laszlo csoport"]
[Site "Budapest"]
[Date "2024.12.14"]
[Round "3.9"]
[White "Lakos, Nikoletta"]
[Black "Csernyik, Mark"]
[Result "1-0"]
[WhiteElo "2178"]
[BlackElo "2175"]
[PlyCount "65"]
[GameId "2123349528003424"]
[EventDate "2024.11.02"]
[EventType "team-tourn"]
[EventRounds "9"]
[EventCountry "HUN"]
[Source "chess.hu"]
[WhiteTeam "Haladas VSE"]
[BlackTeam "Aquarena Kobanya SC"]
[WhiteTeamCountry "HUN"]
[BlackTeamCountry "HUN"]

1. e4 c5 2. Nf3 d6 3. d4 cxd4 4. Qxd4 Nc6 5. Bb5 Bd7 6. Qd3 g6 7. c4 Bg7 8. O-O Nf6 9. h3 O-O 10. Nc3 Rc8 11. Bxc6 Bxc6 12. Nd4 Nd7 13. Rd1 Ne5 14. Qe2 Bd7 15. b3 Nc6 16. Nxc6 Rxc6 17. Bb2 Bxc3 18. Bxc3 b5 19. e5 bxc4 20. exd6 exd6 21. Qe3 Qh4 22. Rd4 Qh5 23. bxc4 Re8 24. Qg3 Be6 25. Rh4 Qf5 26. Qe3 Rc5 27. Qh6 f6 28. Qxh7+ Kf8 29. Qh6+ Kf7 30. Rf4 Rh8 31. Rxf5 Rxh6 32. Rxf6+ Ke7 33. Re1 1-0

[Event "Szuperliga - GM Szabo Laszlo csoport"]
[Site "Budapest"]
[Date "2024.12.14"]
[Round "3.10"]
[White "Karacsonyi, Kata"]
[Black "Apro, Barnabas"]
[Result "0-1"]
[WhiteElo "2239"]
[BlackElo "2058"]
[PlyCount "98"]
[GameId "2123349569688432"]
[EventDate "2024.11.02"]
[EventType "team-tourn"]
[EventRounds "9"]
[EventCountry "HUN"]
[Source "chess.hu"]
[WhiteTeam "Aquarena Kobanya SC"]
[BlackTeam "Haladas VSE"]
[WhiteTeamCountry "HUN"]
[BlackTeamCountry "HUN"]

1. e4 c5 2. Nf3 Nc6 3. d4 cxd4 4. Nxd4 g6 5. c4 Nf6 6. Nc3 Bg7 7. Be3 d6 8. f3 O-O 9. Qd2 Bd7 10. Rc1 Nxd4 11. Bxd4 a5 12. b3 Bc6 13. Be2 Nd7 14. Be3 Nc5 15. h4 h5 16. g4 hxg4 17. h5 gxf3 18. Bxf3 Qd7 19. Bd4 Qe6 20. Bxg7 Kxg7 21. hxg6 fxg6 22. Qh6+ Kf7 23. Nd5 Bxd5 24. cxd5 Qf6 25. Qe3 Ke8 26. Be2 b6 27. Bb5+ Kd8 28. Ke2 Qb2+ 29. Kd1 Qxa2 30. e5 Qg2 31. Re1 Qxd5+ 32. Kc2 Rf3 33. Bc4 Rxe3 34. Bxd5 Rxe1 35. Rxe1 Rc8 36. exd6 Ne4+ 37. Kd3 Nxd6 38. Rg1 Rc5 39. Be6 g5 40. Rg4 Kc7 41. Rg1 Nb5 42. Re1 Kd6 43. Bc4 Nc7 44. Re4 b5 45. Bf7 e6 46. Bg8 Rf5 47. Rg4 Nd5 48. Re4 Re5 49. Rd4 Kc5 0-1

[Event "Szuperliga - GM Szabo Laszlo csoport"]
[Site "Biatorbagy"]
[Date "2024.12.14"]
[Round "3.1"]
[White "Volokitin, Andrei"]
[Black "Mazur, Stefan"]
[Result "1-0"]
[WhiteElo "2649"]
[BlackElo "2433"]
[PlyCount "53"]
[GameId "2123348543942795"]
[EventDate "2024.11.02"]
[EventType "team-tourn"]
[EventRounds "9"]
[EventCountry "HUN"]
[Source "chess.hu"]
[WhiteTeam "Tuxera ANSK"]
[BlackTeam "Viadukt Biatorbagy"]
[WhiteTeamCountry "HUN"]
[BlackTeamCountry "HUN"]

1. e4 e5 2. Nf3 Nc6 3. Bc4 Nf6 4. d3 Bc5 5. O-O h6 6. c3 d6 7. b4 Bb6 8. a4 a5 9. b5 Ne7 10. Nbd2 g5 11. d4 Ng6 12. dxe5 dxe5 13. Ba3 g4 14. Ne1 Nh5 15. g3 Ng7 16. Bd5 Ne6 17. Nc4 h5 18. Nxb6 cxb6 19. f3 Ng5 20. f4 exf4 21. gxf4 Nh3+ 22. Kh1 Ngxf4 23. Ng2 Nxd5 24. exd5 f5 25. Qd4 Kf7 26. Rae1 Re8 27. Rxe8 1-0

[Event "Szuperliga - GM Szabo Laszlo csoport"]
[Site "Biatorbagy"]
[Date "2024.12.14"]
[Round "3.2"]
[White "Pacher, Milan"]
[Black "Gledura, Benjamin"]
[Result "0-1"]
[WhiteElo "2310"]
[BlackElo "2653"]
[PlyCount "68"]
[GameId "2123348601381035"]
[EventDate "2024.11.02"]
[EventType "team-tourn"]
[EventRounds "9"]
[EventCountry "HUN"]
[Source "chess.hu"]
[WhiteTeam "Viadukt Biatorbagy"]
[BlackTeam "Tuxera ANSK"]
[WhiteTeamCountry "HUN"]
[BlackTeamCountry "HUN"]

1. d4 Nf6 2. Nf3 d5 3. Bf4 c5 4. e3 Nc6 5. Nbd2 e6 6. c3 cxd4 7. exd4 Nh5 8. Bg5 f6 9. Be3 Bd6 10. Be2 Nf4 11. O-O Nxe2+ 12. Qxe2 O-O 13. Rfe1 Kh8 14. Rad1 Bd7 15. Nf1 b5 16. h4 Ne7 17. h5 Qc7 18. Nh4 a5 19. g3 Rae8 20. Ng2 Nf5 21. Bf4 e5 22. dxe5 fxe5 23. Bc1 Bc6 24. g4 Ne7 25. Ng3 e4 26. Be3 Bxg3 27. fxg3 Qxg3 28. h6 Kg8 29. Bf2 Qh3 30. hxg7 Rf3 31. Ne3 Ng6 32. Qf1 Nf4 33. Rd2 Qh6 34. a4 Rh3 0-1

[Event "Szuperliga - GM Szabo Laszlo csoport"]
[Site "Biatorbagy"]
[Date "2024.12.14"]
[Round "3.3"]
[White "Grigoriants, Sergey"]
[Black "Sipos, Istvan"]
[Result "1/2-1/2"]
[WhiteElo "2542"]
[BlackElo "2456"]
[PlyCount "96"]
[GameId "2123348637819067"]
[EventDate "2024.11.02"]
[EventType "team-tourn"]
[EventRounds "9"]
[EventCountry "HUN"]
[Source "chess.hu"]
[WhiteTeam "Tuxera ANSK"]
[BlackTeam "Viadukt Biatorbagy"]
[WhiteTeamCountry "HUN"]
[BlackTeamCountry "HUN"]

1. e4 e6 2. d4 d5 3. Nc3 Nf6 4. e5 Nfd7 5. f4 c5 6. Nf3 Nc6 7. Be3 a6 8. a3 b5 9. dxc5 Bxc5 10. Bxc5 Nxc5 11. b4 Nd7 12. Bd3 Qb6 13. Qd2 Nd4 14. Nxd4 Qxd4 15. a4 bxa4 16. Rxa4 Bb7 17. Ra3 g5 18. g3 gxf4 19. gxf4 Rg8 20. Rf1 Ke7 21. Bxh7 Qxd2+ 22. Kxd2 Rg2+ 23. Ne2 Nb6 24. Bd3 Nc4+ 25. Bxc4 dxc4 26. Re3 Rxh2 27. Kc3 Bd5 28. f5 exf5 29. Nd4 Be4 30. Nxf5+ Bxf5 31. Rxf5 Rd8 32. Rf6 Rdd2 33. Rxa6 Rxc2+ 34. Kd4 Rb2 35. Ra7+ Ke6 36. Ra6+ Ke7 37. e6 fxe6 38. Raxe6+ Kd7 39. Kxc4 Rh4+ 40. Kc5 Rh5+ 41. R6e5 Rxe5+ 42. Rxe5 Kc7 43. Re7+ Kb8 44. b5 Rh2 45. Kb6 Rh6+ 46. Ka5 Rg6 47. b6 Rg1 48. Ka6 Ra1+ 1/2-1/2

[Event "Szuperliga - GM Szabo Laszlo csoport"]
[Site "Biatorbagy"]
[Date "2024.12.14"]
[Round "3.4"]
[White "Bokros, Albert"]
[Black "Samunenkov, Ihor"]
[Result "1/2-1/2"]
[WhiteElo "2374"]
[BlackElo "2543"]
[PlyCount "82"]
[GameId "2123348670251211"]
[EventDate "2024.11.02"]
[EventType "team-tourn"]
[EventRounds "9"]
[EventCountry "HUN"]
[Source "chess.hu"]
[WhiteTeam "Viadukt Biatorbagy"]
[BlackTeam "Tuxera ANSK"]
[WhiteTeamCountry "HUN"]
[BlackTeamCountry "HUN"]

1. e4 c5 2. Nf3 Nc6 3. d4 cxd4 4. Nxd4 Nf6 5. Nc3 e5 6. Ndb5 d6 7. Bg5 a6 8. Na3 b5 9. Nd5 Be7 10. Bxf6 Bxf6 11. c3 Rb8 12. Nc2 Bg5 13. Be2 O-O 14. O-O Be6 15. Nce3 g6 16. a4 Bxe3 17. Nxe3 Ne7 18. axb5 axb5 19. Qd2 Qb6 20. c4 Nc6 21. cxb5 Nd4 22. Ra6 Qb7 23. f3 Rfd8 24. Bd3 h5 25. Re1 h4 26. h3 Qe7 27. Nc2 Nxb5 28. Bxb5 Rxb5 29. Ne3 Qg5 30. Re2 Bxh3 31. Nd5 Qg3 32. Qh6 Rxd5 33. exd5 Bf5 34. Ra1 h3 35. Qe3 Rb8 36. Qf2 Qg5 37. Qe3 Qxe3+ 38. Rxe3 Rxb2 39. g4 Bd7 40. Ra6 Bb5 41. Rxd6 Kg7 1/2-1/2

[Event "Szuperliga - GM Szabo Laszlo csoport"]
[Site "Biatorbagy"]
[Date "2024.12.14"]
[Round "3.5"]
[White "Kantor, Gergely"]
[Black "Vanczak, Tamas"]
[Result "1-0"]
[WhiteElo "2550"]
[BlackElo "2397"]
[PlyCount "69"]
[GameId "2123348709155035"]
[EventDate "2024.11.02"]
[EventType "team-tourn"]
[EventRounds "9"]
[EventCountry "HUN"]
[Source "chess.hu"]
[WhiteTeam "Tuxera ANSK"]
[BlackTeam "Viadukt Biatorbagy"]
[WhiteTeamCountry "HUN"]
[BlackTeamCountry "HUN"]

1. d4 Nf6 2. c4 g6 3. Nc3 Bg7 4. e4 d6 5. Be2 O-O 6. Be3 e5 7. d5 a5 8. h4 Na6 9. h5 Nc5 10. Qc2 c6 11. h6 Bh8 12. f3 Bd7 13. g4 a4 14. Nh3 Qa5 15. Qd2 Rfc8 16. Nf2 cxd5 17. Nxd5 Qd8 18. Nd3 Nxd3+ 19. Bxd3 Nxd5 20. cxd5 Bf6 21. Ke2 b6 22. Rhc1 Rc5 23. b3 Bh4 24. Rab1 Bg3 25. Rg1 Bf4 26. Bxf4 exf4 27. b4 Rcc8 28. Qxf4 g5 29. Qxd6 Rc2+ 30. Ke3 Rc3 31. Qe5 Rxd3+ 32. Kxd3 f6 33. Qh2 Bb5+ 34. Kd4 Rc8 35. Rgc1 1-0

[Event "Szuperliga - GM Szabo Laszlo csoport"]
[Site "Biatorbagy"]
[Date "2024.12.14"]
[Round "3.6"]
[White "Bagi, Mate"]
[Black "Antal, Gergely"]
[Result "1/2-1/2"]
[WhiteElo "2426"]
[BlackElo "2544"]
[PlyCount "63"]
[GameId "2123348751196395"]
[EventDate "2024.11.02"]
[EventType "team-tourn"]
[EventRounds "9"]
[EventCountry "HUN"]
[Source "chess.hu"]
[WhiteTeam "Viadukt Biatorbagy"]
[BlackTeam "Tuxera ANSK"]
[WhiteTeamCountry "HUN"]
[BlackTeamCountry "HUN"]

1. e4 c6 2. Nf3 d5 3. Nc3 dxe4 4. Nxe4 Nf6 5. Nxf6+ exf6 6. Bc4 Bd6 7. Qe2+ Be7 8. d4 O-O 9. O-O Re8 10. Qd3 b5 11. Bb3 Na6 12. Bd2 Nc7 13. Rfe1 Nd5 14. a4 b4 15. a5 Be6 16. c4 bxc3 17. bxc3 g6 18. Ba4 Qc7 19. Qa6 Rec8 20. Rab1 Bd8 21. c4 Nb6 22. Bb3 Rcb8 23. Bh6 Be7 24. d5 Nd7 25. Qxc6 Qxc6 26. dxc6 Nc5 27. Bc2 Bd6 28. Be3 Rxb1 29. Rxb1 Rc8 30. Nd4 Bxc4 31. Bd1 a6 32. Bf3 1/2-1/2